<?xml version="1.0" encoding="UTF-8"?><?xml-stylesheet type="text/xsl" href="static/style.xsl"?><OAI-PMH xmlns="http://www.openarchives.org/OAI/2.0/" xmlns:xsi="http://www.w3.org/2001/XMLSchema-instance" xsi:schemaLocation="http://www.openarchives.org/OAI/2.0/ http://www.openarchives.org/OAI/2.0/OAI-PMH.xsd"><responseDate>2026-04-18T01:26:38Z</responseDate><request verb="GetRecord" identifier="oai:www.recercat.cat:20.500.14342/4746" metadataPrefix="marc">https://recercat.cat/oai/request</request><GetRecord><record><header><identifier>oai:recercat.cat:20.500.14342/4746</identifier><datestamp>2025-05-15T19:18:00Z</datestamp><setSpec>com_2072_482405</setSpec><setSpec>com_2072_183628</setSpec><setSpec>col_2072_482409</setSpec></header><metadata><record xmlns="http://www.loc.gov/MARC21/slim" xmlns:dcterms="http://purl.org/dc/terms/" xmlns:xsi="http://www.w3.org/2001/XMLSchema-instance" xmlns:doc="http://www.lyncode.com/xoai" xsi:schemaLocation="http://www.loc.gov/MARC21/slim http://www.loc.gov/standards/marcxml/schema/MARC21slim.xsd">
   <leader>00925njm 22002777a 4500</leader>
   <datafield ind2=" " ind1=" " tag="042">
      <subfield code="a">dc</subfield>
   </datafield>
   <datafield ind2=" " ind1=" " tag="720">
      <subfield code="a">Roca Llobet, Judith</subfield>
      <subfield code="e">author</subfield>
   </datafield>
   <datafield ind2=" " ind1=" " tag="720">
      <subfield code="a">Reguant Alvarez, Mercedes</subfield>
      <subfield code="e">author</subfield>
   </datafield>
   <datafield ind2=" " ind1=" " tag="720">
      <subfield code="a">Tort Nasarre, Glòria</subfield>
      <subfield code="e">author</subfield>
   </datafield>
   <datafield ind2=" " ind1=" " tag="720">
      <subfield code="a">Canet Vélez, Olga</subfield>
      <subfield code="e">author</subfield>
   </datafield>
   <datafield ind2=" " ind1=" " tag="260">
      <subfield code="c">2020-09</subfield>
   </datafield>
   <datafield ind2=" " ind1=" " tag="520">
      <subfield code="a">Objective&#xd;
This study sought to understand the effects of a pedagogical resource combining a multi-moment debriefing model with reflective journaling that is designed to develop reflective competence.&#xd;
Design&#xd;
A qualitative educational study was used with an instrumental case study design. Participating in the study were 32 nursing students who wrote 96 individual reflective journals in accordance with each moment (M1, M2, M3) of the proposed reflective practice resource. The journaling was conducted during both the clinical simulation activity and the period of clinical practice.&#xd;
Methods&#xd;
The reflective journals resulting from the high-fidelity clinical simulation process were used to explore three moments of learning: debriefing immediately after simulation, post-scenario debriefing, and clinical practice. The typology of content analysis used was classical content analysis, which followed a deductive logic, since to assess reflection levels the 5Rs Reflective Writing Scale was used.&#xd;
Results&#xd;
In the post simulation moment (M1), students produced a greater number of meaningful units associated with a level of strategic narrative reflection. During clinical practice however reflection was more analytical, with the highest level of reflection.&#xd;
Conclusion&#xd;
Nursing students developed reflective competence through an iterative process of reflective practice establishing a continuum between simulation experience and clinical.</subfield>
   </datafield>
   <datafield ind1="8" ind2=" " tag="024">
      <subfield code="a">http://hdl.handle.net/20.500.14342/4746</subfield>
   </datafield>
   <datafield ind1="8" ind2=" " tag="024">
      <subfield code="a">https://doi.org/10.1016/j.nedt.2020.104520</subfield>
   </datafield>
   <datafield tag="653" ind2=" " ind1=" ">
      <subfield code="a">Infermeria -- Ensenyament</subfield>
   </datafield>
   <datafield tag="653" ind2=" " ind1=" ">
      <subfield code="a">Simulació, Mètode de</subfield>
   </datafield>
   <datafield tag="653" ind2=" " ind1=" ">
      <subfield code="a">Ensenyament reflexiu</subfield>
   </datafield>
   <datafield tag="653" ind2=" " ind1=" ">
      <subfield code="a">Pràctica reflexiva</subfield>
   </datafield>
   <datafield tag="653" ind2=" " ind1=" ">
      <subfield code="a">Infermeria -- Pràctica professional</subfield>
   </datafield>
   <datafield ind2="0" ind1="0" tag="245">
      <subfield code="a">Developing reflective competence between simulation and clinical practice through a learning transference model: a qualitative study</subfield>
   </datafield>
</record></metadata></record></GetRecord></OAI-PMH>